| 000 | 00834nam a22002057a 4500 | ||
|---|---|---|---|
| 999 |
_c6425 _d6425 |
||
| 005 | 20200203154636.0 | ||
| 007 | ta | ||
| 008 | 200203s2018 ck a||||r|||| 00| d spa d | ||
| 040 |
_aCO-JMCR _cCO-JMCR |
||
| 082 |
_a158.1/ _bM583s / |
||
| 100 |
_aMess, Ana, _eautora _9139 |
||
| 245 |
_aSin ser de noche todo se ve muy negro / _cAna Mess |
||
| 260 |
_a[Bogotá] _bAna Mess, editora _c[2018] |
||
| 300 |
_a84 páginas : _bilustraciones a blanco y negro ; _c21 cm. |
||
| 520 | _aLa depresión a sido mi sombra desde que tengo memoria, pero no fue si no hasta los veintes que llegó el insomnio crónico, los ataques recurrentes de pánico, la imposibilidad de distinguir sabores, de ver en color, y el diagnostico. | ||
| 546 | _aspa | ||
| 650 | 1 | 4 | _9140 |
| 650 | 1 | 4 | _9141 |